000 00856nam a22001937a 4500
003 OSt
005 20241030163932.0
008 241030b |||||||| |||| 00| 0 eng d
020 _qHardcover
040 _cCentral University Library
050 _aRGL78
_bVOL X
245 _aThe Review of Ghana Law /
_bGhana Law and Trusts for Charitable Purposes
_c(Editor) Janet Daniels, LL.B. of Lincoln's Inn, Barrister-at-Law Solicitor of the Supreme Court of Ghana. (Assistant Editor:) S.Y. Bimpong-Buta, LL.B (Ghana); LL.M. (Lond.), Barrister-at-Law. Solicitor of the Supreme Court of Ghana
250 _aVolume X
260 _aAccra
_bCouncil For Law Reporting
_c1978
300 _avii; 201 pages
_c28cm
500 _aReview of Ghana Law. Volume X, 1978. Ghana Law and Trusts for Charitable Purposes.
650 _2Law Review
_aGhana
942 _2lcc
_cBK
_eVolume X
_n0
999 _c387
_d387